000 00564nam a2200181Ia 4500
003 GCL
008 140319s9999 xx 000 0 ara d
040 _aGCL /
_cGCL
082 0 4 _a610.0285
_bم ا
100 1 _aجورج مدبك
245 1 0 _aاستخدام الكمبيوتر فى المختبرات الطبية والمستشفيات /
_cجورج مدبك
300 _a180 ص
490 _aكتاب
_v0
650 0 4 _aالحاسبات الالكترونية
650 0 4 _aالمستشفيات
650 0 4 _aالعيادات الطبية
942 _2ddc
_cBK
999 _c41916
_d41916